| 000 | 00706nam a22002177a 4500 | ||
|---|---|---|---|
| 003 | 0 | ||
| 005 | 20260105115821.0 | ||
| 008 | 251015b xxu||||| |||| 00| 0 eng d | ||
| 020 | _a978-1-032-10210-8 | ||
| 050 |
_aHA 32 _b.Z35 2025 |
||
| 100 |
_aZaidi, Arshia U., _eauthor. |
||
| 245 |
_aA Guide for statistical tests and interpretations with SPSS / _cArshia U. Zaidi. |
||
| 260 |
_aNew York, NY : _bRoutledge, _c2025. |
||
| 300 |
_axx, 223 pages ; _c26 cm. |
||
| 504 | _aIncludes bibliographical references and index. | ||
| 650 | _aStatistical methods. | ||
| 650 |
_aSocial sciences _xStatistical methods. |
||
| 650 | _aSPSS (Computer program). | ||
| 650 | _aStatistical software. | ||
| 942 |
_2lcc _cBK |
||
| 999 |
_c368250 _d368250 |
||